(Łatwe) Stolice - Statystyki

Ogólne statystyki
  • Ten quiz został rozwiązany 122 razy
  • Średni wynik to 11 z 15
Statystyki odpowiedzi
Kraj Stolica % Poprawnych
Rosja Moskwa
96%
Wielka Brytania Londyn
93%
Japonia Tokio
88%
Dania Kopenhaga
86%
Portugalia Lizbona
85%
Turcja Ankara
80%
Irlandia Dublin
80%
Szwecja Sztokholm
72%
Egipt Kair
71%
Estonia Tallin
71%
Malta Valetta
65%
Liechtenstein Vaduz
63%
Cypr Nikozja
57%
Kazachstan Nur-Sułtan
46%
Afganistan Kabul
39%
Nie znaleziono quizów pasujących do podanych kryteriów
Rozkład punktacji
Procent ludzi z każdym wynikiem
Percentyl według liczby udzielonych odpowiedzi
Twoja historia wyników
Nie rozwiązałeś tego quizu